Vida de San José de Calasanz. Fundador de las escuelas pías
Enregistré dans:
| Auteur principal: | |
|---|---|
| Format: | Livre |
| Langue: | espagnol |
| Publié: |
Zaragoza
La Editorial
1905
|
| Sujets: | |
| Tags: |
Ajouter un tag
Pas de tags, Soyez le premier à ajouter un tag!
|
MARC
| LEADER | 00000nam a2200000 a 4500 | ||
|---|---|---|---|
| 001 | UCI4575 | ||
| 003 | CL-VaPUC | ||
| 008 | 080125e19050000SP |||||||||||||||||spa|d | ||
| 082 | 0 | 4 | |a 922.22 |b DAV |2 21 |
| 100 | 0 | |a David, Timón |e author |9 526542 | |
| 245 | 1 | 0 | |a Vida de San José de Calasanz. Fundador de las escuelas pías |
| 300 | |a 495 p | ||
| 942 | |c BK | ||
| 945 | |d 20080125 00:00:00 |a rbrito | ||
| 260 | |a Zaragoza |b La Editorial |c 1905 | ||
| 500 | |a Donación Padres Capuchinos | ||
| 600 | 0 | 7 | |a SAN JOSE DE CALASANZ |2 CL-VaPUC |9 356735 |
| 650 | 0 | |a Biografías |9 255210 | |
| 650 | 7 | |a SANTOS |2 CL-VaPUC |9 313738 | |
| 650 | 0 | |a Vida religiosa |9 257284 | |
| 583 | |a last modification |c 20080125 00:00:00 |k Rodrigo Vera | ||
| 999 | |c 328479 |d 328477 | ||
| 952 | |0 0 |1 0 |4 0 |6 922_220000000000000_DAV_1905 |7 0 |8 X |9 412404 |a FDOBUD |b FDOBUD |d 2019-11-22 |i 4404769 |o 922.22 DAV 1905 |p 4404769 |r 2019-11-22 |w 2019-11-22 |y BK_X |k BUD | ||